[Event "European Youth Chess Championship B18"]
[Site "Prague, Top Hotel Prague"]
[Date "2016.08.18"]
[Round "1.1"]
[White "Vavulin, Maksim"]
[Black "Alexiadis, Hristos"]
[Result "1-0"]
[WhiteElo "2559"]
[BlackElo "2226"]
[PlyCount "89"]
[EventDate "2016.??.??"]
[WhiteClock "0:21:44"]
[BlackClock "0:56:16"]

1. e4 c5 2. Nf3 d6 3. d4 cxd4 4. Nxd4 Nf6 5. Nc3 a6 6. h3 Nc6 7. g4 Qb6 8. Nb3
e6 9. g5 Nd7 10. Bf4 Qc7 11. Qe2 Be7 12. h4 b5 13. h5 Nce5 14. Rh3 b4 15. Nb1
a5 16. c4 bxc3 17. Nxc3 Ba6 18. Nb5 Bxb5 19. Qxb5 a4 20. Rc3 Qd8 21. Bxe5 dxe5
22. Nc5 Bxc5 23. Rxc5 Rb8 24. Qxa4 O-O 25. Rc2 Nb6 26. Qa3 Qxg5 27. Qe3 Qe7 28.
O-O-O h6 29. Kb1 Qb4 30. a3 Qa4 31. Rd6 Nd7 32. Ra6 Qb3 33. Qxb3 Rxb3 34. Ka2
Rfb8 35. Ra5 Rf3 36. Rd2 Nf6 37. Rxe5 Ng4 38. Rb5 Ra8 39. Bg2 Rf4 40. e5 Rf8
41. Kb3 Nxf2 42. a4 Ng4 43. a5 Ne3 44. Bb7 Nf5 45. Rb4 1-0

[Event "European Youth Chess Championship B18"]
[Site "Prague, Top Hotel Prague"]
[Date "2016.08.18"]
[Round "1.2"]
[White "Triger, Ramon"]
[Black "Petrosyan, Manuel"]
[Result "0-1"]
[WhiteElo "2215"]
[BlackElo "2512"]
[PlyCount "84"]
[EventDate "2016.??.??"]
[WhiteClock "0:21:12"]
[BlackClock "0:09:20"]

1. c4 e5 2. Nc3 Nf6 3. g3 d5 4. cxd5 Nxd5 5. Bg2 Nb6 6. Nf3 Nc6 7. O-O Be7 8.
d3 O-O 9. a3 Re8 10. b4 Bf8 11. Bb2 a6 12. Rc1 Nd4 13. e3 Nxf3+ 14. Bxf3 c6 15.
Ne4 Bf5 16. Qc2 a5 17. Bc3 Nd5 18. Rb1 axb4 19. Bxb4 Nxb4 20. axb4 Qb6 21. Nc5
Qb5 22. e4 Bh3 23. Rfc1 b6 24. Nb3 Qxb4 25. Nd2 Qd4 26. Nb3 Qd6 27. Be2 Bd7 28.
Nd2 b5 29. Nf1 g6 30. h4 h5 31. Rd1 Ra4 32. Nd2 Rea8 33. Nb3 Be6 34. Rb2 Bxb3
35. Rxb3 Qd4 36. Rb2 Ba3 37. Rbb1 Bc5 38. Rf1 Ra2 39. Qd1 R8a3 40. Rc1 Rb2 41.
Rc2 Raa2 42. Rxb2 Qxb2 0-1

[Event "European Youth Chess Championship B18"]
[Site "Prague, Top Hotel Prague"]
[Date "2016.08.18"]
[Round "1.3"]
[White "Stefanov, Emil"]
[Black "Redondo, Benavente Jose Carlo"]
[Result "1-0"]
[WhiteElo "2505"]
[BlackElo "2206"]
[PlyCount "119"]
[EventDate "2016.??.??"]
[WhiteClock "0:19:44"]
[BlackClock "0:05:07"]

1. d4 Nf6 2. c4 c5 3. d5 b5 4. cxb5 a6 5. bxa6 g6 6. Nc3 Bg7 7. e4 O-O 8. Nf3
Qa5 9. Bd2 Bxa6 10. Be2 Bxe2 11. Qxe2 Qa6 12. e5 Qxe2+ 13. Kxe2 Ne8 14. Ne4 d6
15. Bc3 Nd7 16. exd6 Nxd6 17. Nfd2 Rfb8 18. Bxg7 Kxg7 19. Nxd6 exd6 20. Nc4 Nb6
21. Nxd6 Nxd5 22. Nc4 Rb4 23. Rhc1 Nb6 24. b3 Nxc4 25. Rxc4 Rxc4 26. bxc4 Ra3
27. Kd2 Kf6 28. Kc2 Ke5 29. Kb2 Rd3 30. Rc1 Kd4 31. Rc2 Ke5 32. a4 Kd6 33. Rc3
Rd2+ 34. Rc2 Rd3 35. Re2 Kc6 36. a5 Kb7 37. Re7+ Ka6 38. Rxf7 Kxa5 39. Kc2 Rd4
40. Kc3 Rh4 41. h3 Kb6 42. Kd3 Kc6 43. f4 Kd6 44. Ke4 Ke6 45. Rg7 Kd6 46. Kf3
Ke6 47. Kg3 Rh5 48. Kg4 Kf6 49. Rc7 Ke6 50. h4 Kf6 51. g3 h6 52. Rc6+ Kf7 53.
Kf3 Kg7 54. Ke4 Kf7 55. Rd6 Rf5 56. g4 Rf6 57. Rxf6+ Kxf6 58. f5 gxf5+ 59. gxf5
Kf7 60. Ke5 1-0

[Event "European Youth Chess Championship B18"]
[Site "Prague, Top Hotel Prague"]
[Date "2016.08.18"]
[Round "1.4"]
[White "Seresin, Francesco"]
[Black "Kelires, Andreas"]
[Result "0-1"]
[WhiteElo "2200"]
[BlackElo "2483"]
[PlyCount "78"]
[EventDate "2016.??.??"]
[WhiteClock "0:03:23"]
[BlackClock "0:17:58"]

1. d4 Nf6 2. c4 e6 3. Nc3 Bb4 4. e3 b6 5. Bd3 Bb7 6. Nf3 O-O 7. O-O Bxc3 8.
bxc3 d6 9. Rb1 Nbd7 10. Nd2 e5 11. a4 a5 12. Ba3 Re8 13. Qc2 Bc6 14. Rfe1 e4
15. Be2 Qe7 16. f4 exf3 17. Bxf3 Bxf3 18. gxf3 Nh5 19. Nf1 Qe6 20. Rb5 c5 21.
Qa2 Nf4 22. Rbb1 Ng6 23. Qe2 Rad8 24. Nd2 f5 25. Qf2 Qf6 26. Kh1 Re7 27. Re2
Rde8 28. Rbe1 Qe6 29. h4 Nf4 30. exf4 Qxe2 31. Rxe2 Rxe2 32. Kg2 Rxf2+ 33. Kxf2
Nf6 34. Nf1 Nh5 35. Bc1 cxd4 36. cxd4 Rc8 37. Ne3 d5 38. Nxf5 Rxc4 39. Bd2 Rxa4
0-1

[Event "European Youth Chess Championship B18"]
[Site "Prague, Top Hotel Prague"]
[Date "2016.08.18"]
[Round "1.5"]
[White "Bellahcene, Bilel"]
[Black "Schwander, Lukas"]
[Result "1-0"]
[WhiteElo "2467"]
[BlackElo "2199"]
[PlyCount "43"]
[EventDate "2016.??.??"]
[WhiteClock "0:33:13"]
[BlackClock "0:01:33"]

1. d4 d5 2. c4 e6 3. Nf3 c6 4. Qc2 Nf6 5. Nbd2 Be7 6. b3 O-O 7. e3 Nbd7 8. Bd3
b6 9. Bb2 Bb7 10. O-O Re8 11. Rad1 Qc7 12. Rfe1 Rac8 13. Ne5 g6 14. Nxd7 Nxd7
15. e4 dxe4 16. Nxe4 f5 17. Nc3 Bd6 18. h3 c5 19. Nb5 Qb8 20. dxc5 Nxc5 21. Qc3
e5 22. Bxf5 1-0

[Event "European Youth Chess Championship B18"]
[Site "Prague, Top Hotel Prague"]
[Date "2016.08.18"]
[Round "1.6"]
[White "Jablonicky, Martin"]
[Black "Martirosyan, Haik M"]
[Result "1-0"]
[WhiteElo "2198"]
[BlackElo "2461"]
[PlyCount "87"]
[EventDate "2016.??.??"]
[WhiteClock "0:23:11"]
[BlackClock "0:20:17"]

1. d4 Nf6 2. c4 e6 3. Nf3 b6 4. a3 Bb7 5. Nc3 d5 6. cxd5 Nxd5 7. e3 Be7 8. Bb5+
c6 9. Bd3 O-O 10. e4 Nxc3 11. bxc3 c5 12. O-O h6 13. Bf4 Qc8 14. Ne5 Nd7 15.
Nxd7 Qxd7 16. Qg4 f5 17. exf5 exf5 18. Qg3 Kh8 19. Rfe1 cxd4 20. Bb5 Qd8 21.
Bc7 f4 22. Bxd8 fxg3 23. Rxe7 Bd5 24. Bc7 Rxf2 25. Bf1 dxc3 26. Bxg3 Rf7 27.
Rxf7 Bxf7 28. Rc1 Rc8 29. Bd3 Bb3 30. Bc2 Bg8 31. Be1 Re8 32. Bxc3 Re2 33. Bd1
Ra2 34. Ra1 Rxa1 35. Bxa1 b5 36. Be2 a6 37. Kf2 Bd5 38. g3 Kg8 39. Ke3 Kf7 40.
Kd4 Bb7 41. Kc5 g6 42. Bc3 h5 43. Kb6 Bc8 44. Bf3 1-0

[Event "European Youth Chess Championship B18"]
[Site "Prague, Top Hotel Prague"]
[Date "2016.08.18"]
[Round "1.7"]
[White "Jarmula, Lukasz"]
[Black "Beeck, Mats"]
[Result "1/2-1/2"]
[WhiteElo "2452"]
[BlackElo "2196"]
[PlyCount "55"]
[EventDate "2016.??.??"]
[WhiteClock "0:27:03"]
[BlackClock "0:14:46"]

1. e4 c5 2. Nf3 g6 3. d4 cxd4 4. Qxd4 Nf6 5. Nc3 Nc6 6. Qa4 d6 7. e5 dxe5 8.
Nxe5 Bg7 9. Bb5 O-O 10. Nxc6 bxc6 11. Bxc6 Bd7 12. Bxd7 Nxd7 13. O-O Nb6 14.
Qe4 Bxc3 15. bxc3 Qc7 16. Bg5 Rfe8 17. Rae1 Qxc3 18. Bxe7 Rac8 19. Re2 Rc4 20.
Qd3 Qxd3 21. cxd3 Rd4 22. Rfe1 Rxd3 23. h4 f5 24. Bc5 Rxe2 25. Rxe2 Rd7 26. f3
Kf7 27. Rb2 Na4 28. Rb5 1/2-1/2

[Event "European Youth Chess Championship B18"]
[Site "Prague, Top Hotel Prague"]
[Date "2016.08.18"]
[Round "1.8"]
[White "Zirkelbach, Maj"]
[Black "Nguyen, Thai Dai Van"]
[Result "0-1"]
[WhiteElo "2189"]
[BlackElo "2445"]
[PlyCount "112"]
[EventDate "2016.??.??"]
[WhiteClock "0:01:01"]
[BlackClock "0:07:22"]

1. d4 Nf6 2. Nf3 e6 3. c4 b6 4. g3 Ba6 5. Qa4 Bb7 6. Bg2 c5 7. dxc5 bxc5 8. Nc3
Be7 9. O-O O-O 10. Bf4 Qb6 11. Rfd1 Rd8 12. Rd2 Nc6 13. Qb5 d6 14. Rad1 Ne8 15.
g4 Rab8 16. Qxb6 axb6 17. e3 Ba6 18. b3 Na7 19. Ne4 e5 20. Bg3 b5 21. cxb5 Nxb5
22. Nh4 g6 23. g5 Bb7 24. Rd3 Bxe4 25. Bxe4 Bxg5 26. a4 Nbc7 27. f4 exf4 28.
exf4 Bf6 29. Nf3 d5 30. Bxd5 Nxd5 31. Rxd5 Bd4+ 32. R5xd4 cxd4 33. Rxd4 Nf6 34.
a5 Rxd4 35. Nxd4 Ne4 36. Be1 Rd8 37. Nc6 Rd6 38. Ne5 Rd1 39. Kf1 Rb1 40. b4 Nd6
41. Nc6 Nb5 42. Ke2 Rc1 43. Ne5 f6 44. Nd3 Rc2+ 45. Bd2 Nd4+ 46. Ke3 Nf5+ 47.
Ke2 Nd4+ 48. Ke3 Nf5+ 49. Ke2 Nd6 50. Nc5 Kf7 51. Kd3 Ra2 52. a6 Nb5 53. Kc4
Nc7 54. Be3 Nxa6 55. Nxa6 Rxa6 56. b5 Re6 0-1

[Event "European Youth Chess Championship B18"]
[Site "Prague, Top Hotel Prague"]
[Date "2016.08.18"]
[Round "1.9"]
[White "Livaic, Leon"]
[Black "Kostka, Vit"]
[Result "1-0"]
[WhiteElo "2444"]
[BlackElo "2188"]
[PlyCount "73"]
[EventDate "2016.??.??"]
[WhiteClock "0:01:08"]
[BlackClock "0:03:30"]

1. d4 Nf6 2. c4 g6 3. Nc3 Bg7 4. e4 d6 5. f3 O-O 6. Bg5 c5 7. d5 e6 8. Qd2 exd5
9. cxd5 a6 10. a4 Qc7 11. Nge2 Re8 12. Ng3 Nbd7 13. Be2 Rb8 14. O-O c4 15. Kh1
b5 16. axb5 axb5 17. b4 Nf8 18. Ra5 Bd7 19. Rfa1 h5 20. Bf1 N8h7 21. Bh6 Bh8
22. Nge2 Rb7 23. Nd4 Reb8 24. Be3 h4 25. Ra6 Nh5 26. Nc6 Re8 27. R1a5 Qc8 28.
Ne2 f5 29. e5 dxe5 30. Bc5 Kf7 31. Qh6 N7f6 32. Ra8 Bg7 33. Qg5 Qc7 34. Rxe8
Bxe8 35. Ne7 Qd8 36. Qxg6+ Kf8 37. Nc6+ 1-0

[Event "European Youth Chess Championship B18"]
[Site "Prague, Top Hotel Prague"]
[Date "2016.08.18"]
[Round "1.10"]
[White "Schwab, Lukas"]
[Black "Santos, Ruiz Miguel"]
[Result "0-1"]
[WhiteElo "2175"]
[BlackElo "2440"]
[PlyCount "136"]
[EventDate "2016.??.??"]
[WhiteClock "0:21:01"]
[BlackClock "0:30:42"]

1. e4 c5 2. Nf3 d6 3. d4 cxd4 4. Nxd4 Nf6 5. Nc3 a6 6. f4 e5 7. Nf3 Nbd7 8. a4
Qc7 9. Bd3 Be7 10. O-O O-O 11. Kh1 Nc5 12. Qe2 Bd7 13. fxe5 dxe5 14. Bg5 Be6
15. Rad1 Rac8 16. Qe1 Rfe8 17. Qg3 h6 18. Bxf6 Bxf6 19. Nh4 Bxh4 20. Qxh4 Qb6
21. Rb1 Qb4 22. g4 f6 23. Qg3 Nxa4 24. h4 Nxc3 25. bxc3 Qe7 26. Rb6 Rxc3 27. g5
hxg5 28. hxg5 fxg5 29. Qxe5 Rc5 30. Qd4 Bh3 31. Rf2 Rec8 32. Qb2 R8c7 33. Rh2
g4 34. Qb3+ Kh8 35. Re6 Qf7 36. Kg1 Rc3 37. Qd5 Rxd3 38. Qxd3 Rd7 39. Rxh3+
gxh3 40. Qxh3+ Kg8 41. Qf5 Rd1+ 42. Kf2 Qxf5+ 43. exf5 Rd5 44. Re7 Rxf5+ 45.
Ke3 Rf7 46. Re8+ Kh7 47. Re6 g6 48. Rb6 Kh6 49. c4 Kh5 50. c5 g5 51. c6 bxc6
52. Rxa6 c5 53. Rc6 Rf5 54. Rc8 Kh4 55. Ke4 Rf4+ 56. Ke3 c4 57. Rc5 Kg4 58. Ke2
Re4+ 59. Kf2 Kf4 60. Rc8 g4 61. Rf8+ Ke5 62. Rd8 c3 63. Rc8 Kd4 64. Rc7 Kd3 65.
Rd7+ Rd4 66. Rc7 c2 67. Ke1 Rc4 68. Rd7+ Kc3 0-1

[Event "European Youth Chess Championship B18"]
[Site "Prague, Top Hotel Prague"]
[Date "2016.08.18"]
[Round "1.11"]
[White "Vykouk, Jan"]
[Black "Sinanovic, Ermin"]
[Result "1-0"]
[WhiteElo "2434"]
[BlackElo "2175"]
[PlyCount "59"]
[EventDate "2016.08.18"]

1. e4 c5 2. Nf3 d6 3. d4 cxd4 4. Nxd4 Nf6 5. Nc3 Nc6 6. Be2 e6 7. Be3 Be7 8.
Qd2 O-O 9. O-O-O a6 10. f4 Qc7 11. g4 Nd7 12. g5 Nc5 13. a3 b5 14. h4 Rb8 15.
b4 Na4 16. Nxa4 bxa4 17. Qc3 Bb7 18. Bxa6 Rfc8 19. Nxc6 Qxc6 20. Qxc6 Rxc6 21.
Bd3 Bd8 22. Kb2 Bb6 23. Bxb6 Rxb6 24. c4 Rc6 25. Rh2 Rbc8 26. Rc2 g6 27. e5 d5
28. c5 Ba6 29. Bxa6 Rxa6 30. Rd4 1-0

[Event "European Youth Chess Championship B18"]
[Site "Prague, Top Hotel Prague"]
[Date "2016.08.18"]
[Round "1.12"]
[White "Friedland, Moshe"]
[Black "Blahynka, Martin"]
[Result "0-1"]
[WhiteElo "2170"]
[BlackElo "2431"]
[PlyCount "68"]
[EventDate "2016.08.18"]

1. e4 c5 2. Nf3 Nc6 3. d4 cxd4 4. Nxd4 e5 5. Nb5 d6 6. c4 Be7 7. N1c3 a6 8. Na3
f5 9. exf5 Bxf5 10. Bd3 Be6 11. O-O Nf6 12. Nc2 O-O 13. Bg5 Ng4 14. Bxe7 Qxe7
15. h3 Nf6 16. Qe2 g6 17. Be4 Nh5 18. Nd5 Qg5 19. Kh2 Rf7 20. Rad1 Raf8 21. Rd2
Ng3 22. fxg3 Rxf1 23. Bf3 R1xf3 24. gxf3 Rxf3 25. Qxf3 Qxd2+ 26. Qg2 Qxg2+ 27.
Kxg2 b5 28. Nce3 bxc4 29. Nc7 Kf7 30. Nxe6 Kxe6 31. Nxc4 Kd5 32. b3 Kc5 33. a3
d5 34. Nd2 Kd4 0-1

[Event "European Youth Chess Championship B18"]
[Site "Prague, Top Hotel Prague"]
[Date "2016.08.18"]
[Round "1.13"]
[White "Suarez, Gomez Julio"]
[Black "Thorhallsson, Simon"]
[Result "1-0"]
[WhiteElo "2429"]
[BlackElo "2169"]
[PlyCount "83"]
[EventDate "2016.08.18"]

1. e4 c5 2. Nf3 d6 3. d4 cxd4 4. Nxd4 Nf6 5. Nc3 a6 6. a4 e5 7. Nf3 Qc7 8. Bg5
Nbd7 9. Nd2 Be7 10. Bc4 O-O 11. O-O Nb6 12. Ba2 Be6 13. Bxf6 Bxf6 14. a5 Nd7
15. Nd5 Bxd5 16. Bxd5 Bg5 17. Nc4 Kh8 18. Qg4 Nf6 19. Qd1 Rad8 20. Qd3 Nxd5 21.
Qxd5 f5 22. exf5 Rxf5 23. Rad1 Rf4 24. b3 Be7 25. g3 Rf6 26. Nd2 Rdf8 27. Ne4
Rf3 28. c4 h6 29. b4 R3f5 30. Qe6 Qc6 31. Qd5 Qc7 32. Rd3 R5f7 33. Rfd1 Rf5 34.
Kg2 Kh7 35. c5 dxc5 36. Qd7 Qc6 37. Qxc6 bxc6 38. Rd7 R5f7 39. bxc5 Kg8 40. Ra7
Bf6 41. Rxa6 Rc7 42. Rd6 1-0

[Event "European Youth Chess Championship B18"]
[Site "Prague, Top Hotel Prague"]
[Date "2016.08.18"]
[Round "1.14"]
[White "Nastase, Robert-Paul"]
[Black "Kaczur, Florian"]
[Result "1/2-1/2"]
[WhiteElo "2163"]
[BlackElo "2426"]
[PlyCount "61"]
[EventDate "2016.08.18"]

1. e4 e5 2. Nf3 Nc6 3. Bc4 Nf6 4. Ng5 d5 5. exd5 Na5 6. d3 h6 7. Nf3 e4 8. Qe2
Nxc4 9. dxc4 Bc5 10. Nfd2 O-O 11. O-O Bg4 12. Qe1 Re8 13. Nb3 Bd6 14. h3 Bd7
15. Qe2 Qe7 16. N1d2 Nh7 17. c5 Bxc5 18. Qxe4 Bxf2+ 19. Rxf2 Qxe4 20. Nxe4 Rxe4
21. Bf4 Rc4 22. Rd1 Nf6 23. c3 b5 24. Be5 Ne4 25. Re2 Nd6 26. Nd4 Re8 27. Rde1
Nc8 28. Nf3 Rc5 29. Rd2 a5 30. Bg3 Rxe1+ 31. Nxe1 1/2-1/2

[Event "European Youth Chess Championship B18"]
[Site "Prague, Top Hotel Prague"]
[Date "2016.08.18"]
[Round "1.15"]
[White "Beerdsen, Thomas"]
[Black "Thorgeirsson, Jon Kristinn"]
[Result "1-0"]
[WhiteElo "2424"]
[BlackElo "2151"]
[PlyCount "87"]
[EventDate "2016.08.18"]

1. e4 e6 2. d4 d5 3. Nc3 Bb4 4. Bd3 c5 5. a3 Bxc3+ 6. bxc3 c4 7. Bf1 Nf6 8. e5
Ne4 9. Ne2 f6 10. f3 Ng5 11. h4 Nf7 12. f4 f5 13. a4 O-O 14. Ba3 Re8 15. Ng3
Nc6 16. Be2 Qa5 17. Qd2 Bd7 18. Nh5 Nh8 19. g4 fxg4 20. Rg1 Ng6 21. Rxg4 Rf8
22. Bxf8 Rxf8 23. Nxg7 Kxg7 24. h5 Be8 25. hxg6 Bxg6 26. Rg5 Rxf4 27. Qxf4
Qxc3+ 28. Kf2 Qxa1 29. Qf6+ Kg8 30. Qxe6+ Kg7 31. Qd7+ Kh6 32. Rg4 Qh1 33. Bf3
Qh2+ 34. Bg2 Qh5 35. Kg3 Nxe5 36. dxe5 Qxe5+ 37. Rf4 Qe3+ 38. Rf3 Qe5+ 39. Kf2
Qd4+ 40. Ke2 Qe5+ 41. Re3 Bh5+ 42. Bf3 Qh2+ 43. Kf1 Qd2 44. Qd6+ 1-0

[Event "European Youth Chess Championship B18"]
[Site "Prague, Top Hotel Prague"]
[Date "2016.08.18"]
[Round "1.16"]
[White "Miknevicius, Laurynas"]
[Black "Kantor, Gergely"]
[Result "1/2-1/2"]
[WhiteElo "2150"]
[BlackElo "2411"]
[PlyCount "41"]
[EventDate "2016.08.18"]

1. d4 Nf6 2. c4 e6 3. Nf3 d5 4. Nc3 c6 5. Bg5 h6 6. Bxf6 Qxf6 7. e3 Nd7 8. Bd3
dxc4 9. Bxc4 g6 10. O-O Bg7 11. e4 e5 12. d5 Nb6 13. Bb3 Bg4 14. dxc6 bxc6 15.
Qe2 O-O 16. Rfd1 Rad8 17. Rd3 Rfe8 18. h3 Bc8 19. Rd2 Bf8 20. Rc1 Bb7 21. Na4
1/2-1/2

[Event "European Youth Chess Championship B18"]
[Site "Prague, Top Hotel Prague"]
[Date "2016.08.18"]
[Round "1.17"]
[White "Juhasz, Armin"]
[Black "Salim, Riza"]
[Result "1-0"]
[WhiteElo "2411"]
[BlackElo "2146"]
[PlyCount "65"]
[EventDate "2016.08.18"]

1. Nf3 Nf6 2. g3 d5 3. Bg2 e6 4. d4 Nbd7 5. O-O Bd6 6. c4 c6 7. Nc3 O-O 8. Nd2
Be7 9. e4 dxe4 10. Ndxe4 Nxe4 11. Nxe4 Nf6 12. Nc3 Qd7 13. Bf4 b6 14. d5 cxd5
15. cxd5 Bb7 16. dxe6 Qxd1 17. exf7+ Kxf7 18. Raxd1 Bxg2 19. Kxg2 Rfd8 20. h3
Rac8 21. g4 h6 22. Kf3 Rxd1 23. Rxd1 Rd8 24. Rxd8 Bxd8 25. b3 a6 26. Be3 Ke6
27. Bd4 b5 28. Ne4 Be7 29. Nxf6 gxf6 30. Ke4 Bf8 31. Be3 a5 32. a4 bxa4 33.
bxa4 1-0

[Event "European Youth Chess Championship B18"]
[Site "Prague, Top Hotel Prague"]
[Date "2016.08.18"]
[Round "1.18"]
[White "Stepan, Patrik"]
[Black "Anikonov, Dmitry"]
[Result "1/2-1/2"]
[WhiteElo "2145"]
[BlackElo "2407"]
[PlyCount "149"]
[EventDate "2016.08.18"]

1. d4 d6 2. Nf3 Nf6 3. c4 g6 4. Nc3 Bf5 5. Nh4 Bd7 6. e4 e5 7. Nf3 exd4 8. Nxd4
Bg7 9. Be2 O-O 10. O-O Re8 11. f3 Nc6 12. Be3 Nh5 13. Qd2 Nf4 14. Nxc6 Nxe2+
15. Nxe2 bxc6 16. Bd4 c5 17. Bxg7 Kxg7 18. Nc3 Be6 19. Nd5 Bxd5 20. cxd5 a5 21.
Qc3+ Qf6 22. Rab1 a4 23. Rfc1 Rab8 24. Qxf6+ Kxf6 25. Rc4 Ra8 26. Kf2 Ra5 27.
Ke3 Ke7 28. Kd3 Kd7 29. Kc3 Rb8 30. Re1 f6 31. Re2 Re8 32. Kd3 Ra7 33. h4 c6
34. g4 h6 35. Re3 Kc7 36. Re2 Kb6 37. Re3 Kb5 38. dxc6 Kxc6 39. Re2 Kb5 40.
Rcc2 Rae7 41. b3 axb3 42. axb3 Ra7 43. Kc3 Ra1 44. Red2 Re6 45. Ra2 Rxa2 46.
Rxa2 f5 47. gxf5 gxf5 48. Rd2 fxe4 49. fxe4 Kc6 50. Re2 Rg6 51. b4 cxb4+ 52.
Kxb4 Rg4 53. Kc3 Kd7 54. Kd4 Rxh4 55. Rg2 Rh1 56. Rg7+ Ke6 57. Rg6+ Ke7 58. Kd5
Rd1+ 59. Kc4 Rh1 60. Kd5 Rh5+ 61. Kd4 Kd7 62. Rg8 Rh1 63. Rg7+ Kc6 64. Rg6 Rh4
65. Rg8 Rh5 66. Rg6 Kc7 67. Rg7+ Kc6 68. Rg6 Kd7 69. Kc4 Rc5+ 70. Kd4 h5 71.
Rh6 Ra5 72. Rh8 Rg5 73. Rh6 Kc6 74. Rh8 Ra5 75. Rh6 1/2-1/2

[Event "European Youth Chess Championship B18"]
[Site "Prague, Top Hotel Prague"]
[Date "2016.08.18"]
[Round "1.19"]
[White "Christiansen, Johan-Sebastian"]
[Black "Steindl, Johannes"]
[Result "1-0"]
[WhiteElo "2404"]
[BlackElo "2141"]
[PlyCount "51"]
[EventDate "2016.08.18"]

1. Nf3 Nf6 2. c4 e6 3. g3 d5 4. Bg2 dxc4 5. O-O Nbd7 6. Qc2 a6 7. a4 a5 8. Qxc4
Be7 9. d4 O-O 10. Qc2 Nd5 11. Nc3 N7b6 12. e4 Nb4 13. Qe2 Bd7 14. Rd1 Qe8 15.
b3 Rd8 16. Ne5 Bc8 17. Nb5 Bd6 18. Bf4 f6 19. Nxd6 cxd6 20. Nf3 Nc6 21. Qb5 Na8
22. d5 exd5 23. Qxd5+ Be6 24. Qb5 Ne5 25. Nd4 Bg4 26. f3 1-0

[Event "European Youth Chess Championship B18"]
[Site "Prague, Top Hotel Prague"]
[Date "2016.08.18"]
[Round "1.20"]
[White "Syvalahti, Timo"]
[Black "Rydl, Jiri"]
[Result "0-1"]
[WhiteElo "2139"]
[BlackElo "2401"]
[PlyCount "128"]
[EventDate "2016.08.18"]

1. d4 Nf6 2. c4 e6 3. g3 d5 4. Bg2 dxc4 5. Nf3 a6 6. O-O Nc6 7. e3 Bd7 8. Qe2
b5 9. b3 cxb3 10. axb3 Be7 11. Bb2 O-O 12. Rc1 Nb4 13. Ne5 Rc8 14. Ba3 c5 15.
dxc5 Rxc5 16. Rxc5 Bxc5 17. Bxb4 Bxb4 18. Rxa6 Nd5 19. Bxd5 exd5 20. Nxd7 Qxd7
21. Rb6 Qf5 22. e4 Qxe4 23. Qxe4 dxe4 24. Rxb5 Bd6 25. Nd2 f5 26. Nc4 Be7 27.
Re5 Bb4 28. Ne3 g6 29. Rb5 Bd2 30. Rd5 Bxe3 31. fxe3 Rb8 32. Kf2 Rxb3 33. Rd2
Kg7 34. h4 Rb7 35. Ra2 Kh6 36. Rc2 Kh5 37. Kg2 Kg4 38. Rf2 Rb3 39. Re2 Ra3 40.
Kf2 Kh3 41. Rb2 Ra1 42. h5 gxh5 43. Rc2 Kg4 44. Rb2 Rh1 45. Rb7 Rh2+ 46. Kg1
Re2 47. Rg7+ Kf3 48. Rg5 Rg2+ 49. Kf1 f4 50. Rf5 Rf2+ 51. Kg1 Kxe3 52. gxf4 h4
53. Rh5 Rxf4 54. Rxh7 Ke2 55. Ra7 Rg4+ 56. Kh2 e3 57. Kh3 Kf3 58. Rb7 Rf4 59.
Rg7 e2 60. Rg3+ Kf2 61. Rg1 Rf3+ 62. Kh2 Rh3+ 63. Kxh3 Kxg1 64. Kxh4 e1=Q+ 0-1

[Event "European Youth Chess Championship B18"]
[Site "Prague, Top Hotel Prague"]
[Date "2016.08.18"]
[Round "1.21"]
[White "Morozov, Nichita"]
[Black "Holtman, Teodor"]
[Result "1-0"]
[WhiteElo "2398"]
[BlackElo "2124"]
[PlyCount "67"]
[EventDate "2016.08.18"]

1. d4 Nf6 2. c4 c5 3. d5 b5 4. Nd2 bxc4 5. e4 c3 6. bxc3 g6 7. c4 d6 8. Bb2 Bg7
9. Bd3 O-O 10. Qc2 e5 11. Ne2 Nh5 12. O-O f5 13. exf5 gxf5 14. Ng3 Nxg3 15.
fxg3 Qg5 16. Rae1 Na6 17. a3 Rb8 18. Bc3 Bd7 19. Nf3 Qh5 20. Nh4 e4 21. Bxg7
Kxg7 22. Qc3+ Kg8 23. Bc2 Qg5 24. Rf4 Qg7 25. Qxg7+ Kxg7 26. Ref1 e3 27. Bxf5
Ba4 28. Re1 Rb3 29. Re4 Rxa3 30. R1xe3 Rxe3 31. Rxe3 Nb4 32. Ra3 Bd1 33. Rxa7+
Kf6 34. Rxh7 1-0

[Event "European Youth Chess Championship B18"]
[Site "Prague, Top Hotel Prague"]
[Date "2016.08.18"]
[Round "1.22"]
[White "Kassay, Krisztian"]
[Black "Haria, Ravi"]
[Result "0-1"]
[WhiteElo "2124"]
[BlackElo "2394"]
[PlyCount "62"]
[EventDate "2016.08.18"]

1. e4 e6 2. d4 d5 3. Nc3 Bb4 4. exd5 exd5 5. Bd3 Nc6 6. Nge2 Nge7 7. O-O Bg4 8.
f3 Bf5 9. Bxf5 Nxf5 10. Qd3 Qd7 11. Nb5 Ba5 12. Bf4 Nb4 13. Qb3 Qxb5 14. a3 O-O
15. axb4 Bb6 16. Rae1 Rfe8 17. Nc3 Bxd4+ 18. Kh1 Rxe1 19. Rxe1 Re8 20. Rd1 Bxc3
21. Qxc3 c6 22. Re1 Rxe1+ 23. Qxe1 h6 24. h3 Qc4 25. Qd2 a6 26. b3 Qd4 27. Kh2
Qxd2 28. Bxd2 Nd4 29. Kg3 Nxc2 30. Kf4 f6 31. Bc3 Kf7 0-1

[Event "European Youth Chess Championship B18"]
[Site "Prague, Top Hotel Prague"]
[Date "2016.08.18"]
[Round "1.23"]
[White "Capone, Nicola"]
[Black "Garanin, Aleksei"]
[Result "0-1"]
[WhiteElo "2392"]
[BlackElo "2118"]
[PlyCount "65"]
[EventDate "2016.08.18"]

1. e4 c5 2. Nf3 d6 3. d4 cxd4 4. Nxd4 Nf6 5. Nc3 a6 6. g3 e5 7. Nde2 Be6 8. Bg2
Nbd7 9. O-O Be7 10. h3 b5 11. g4 Nb6 12. Ng3 Rc8 13. Nd5 O-O 14. c3 Nfxd5 15.
exd5 Bd7 16. Be4 Bg5 17. Bg2 f5 18. gxf5 Bxc1 19. Rxc1 Bxf5 20. b3 Qh4 21. Kh2
Bg6 22. Qd2 Nd7 23. Qe2 Nc5 24. Rfd1 Rf4 25. Qe3 Rcf8 26. Rd2 e4 27. Rf1 Nd3
28. f3 Ne5 29. Rd4 exf3 30. Bxf3 Rxd4 31. Qxd4 Qxd4 32. cxd4 Nxf3+ 33. Kh1 0-1

[Event "European Youth Chess Championship B18"]
[Site "Prague, Top Hotel Prague"]
[Date "2016.08.18"]
[Round "1.24"]
[White "Bischofberger, Dario"]
[Black "Garriga, Cazorla Pere"]
[Result "1/2-1/2"]
[WhiteElo "2102"]
[BlackElo "2392"]
[PlyCount "136"]
[EventDate "2016.08.18"]

1. d4 Nf6 2. c4 e6 3. g3 d5 4. Nf3 dxc4 5. Bg2 Bd7 6. Ne5 Bc6 7. Nxc6 Nxc6 8.
Bxc6+ bxc6 9. O-O h5 10. Qa4 Qd7 11. h4 Nd5 12. Qxc4 Rb8 13. Rd1 f5 14. e4 fxe4
15. Qe2 Bd6 16. Nc3 O-O 17. Nxe4 g6 18. Bg5 Qf7 19. Rac1 Rb6 20. Rc2 Qf5 21.
Re1 Re8 22. Qd1 a5 23. Rce2 Kf7 24. Bc1 Be7 25. Nc3 Bf6 26. Nxd5 cxd5 27. Rc2
Re7 28. Rc3 Qg4 29. Rf3 Kg7 30. Rxf6 Qxd1 31. Rxd1 Kxf6 32. Bg5+ Kf7 33. Bxe7
Kxe7 34. b3 Kd6 35. Rc1 Rb4 36. Rd1 a4 37. Rd3 e5 38. dxe5+ Kxe5 39. Kf1 c5 40.
Ke2 c4 41. bxc4 dxc4 42. Rd2 a3 43. Ke3 Rb3+ 44. axb3 cxb3 45. Rd3 b2 46. Rxa3
b1=Q 47. Ra5+ Kd6 48. Rg5 Qb3+ 49. Ke2 Qe6+ 50. Kf3 Ke7 51. Kg2 Qe4+ 52. Kg1
Qe2 53. Kg2 Kf6 54. Kg1 Qe1+ 55. Kg2 Qd1 56. Ra5 Qg4 57. Rc5 Qe4+ 58. Kg1 Qf3
59. Ra5 Qc3 60. Rg5 Qc1+ 61. Kg2 Qxg5 62. hxg5+ Kxg5 63. f3 Kf5 64. Kf2 g5 65.
Ke2 g4 66. fxg4+ Kxg4 67. Kf2 h4 68. gxh4 Kxh4 1/2-1/2

[Event "European Youth Chess Championship B18"]
[Site "Prague, Top Hotel Prague"]
[Date "2016.08.18"]
[Round "1.25"]
[White "Hauge, Lars Oskar"]
[Black "Levitan, Tal"]
[Result "1-0"]
[WhiteElo "2391"]
[BlackElo "2099"]
[PlyCount "37"]
[EventDate "2016.08.18"]

1. e4 e5 2. Nf3 Nc6 3. Bc4 Bc5 4. c3 Nf6 5. d3 d6 6. Bb3 a6 7. O-O Ba7 8. h3
O-O 9. Re1 h6 10. Nbd2 Nh5 11. Nf1 Qf6 12. Be3 Bxe3 13. fxe3 Qe7 14. g4 Nf6 15.
Ng3 g6 16. Qe2 Be6 17. Qg2 Bxb3 18. axb3 Nh7 19. Rf1 1-0